• 首页
  • 本馆介绍
  • 公告通知
  • 最新文献
  • 馆藏检索
  • 电子资源
  • 读者导购
  • 参考咨询
  • 我的图书馆
  • 登录
  • 详细信息显示
  • 放入我的书架
  • 预约/预借图书
  • 作者相关作品
  • 分类相关作品
  • 丛书相关作品
  • 出版社相关作品

书目信息

  • 表格格式
  • 工作单格式
  • 卡片格式
题名:
涓涓细流汇成海
    
 
作者: 李细娟, 著
分册:  
出版信息: 长春   东北师范大学出版社  2022.06
页数: 179页
开本: 24cm
丛书名: 名师名校名校长书系
单 册:
中图分类: G633.4
科图分类:
主题词: 英语课--ying yu ke--教学研究--高中--文集
电子资源:
ISBN: 978-7-5681-6430-6
000 01231nam 2200277 450
001 CAL 012022021154
005 20230217093111.0
010    @a978-7-5681-6430-6@dCNY45.00
100    @a20220922d2022 em y0chiy0120 ea
101 0  @achi@aeng
102    @aCN@b220000
105    @aa z 000yy
106    @ar
200 1  @a涓涓细流汇成海@Ajuan juan xi liu hui cheng hai@e一位英语教师的成长@f李细娟著
210    @a长春@c东北师范大学出版社@d2022.06
215    @a179页@c图@d24cm
225 2  @a名师名校名校长书系@Aming shi ming xiao ming xiao zhang shu xi
314    @a李细娟, 1970年出生, 中共党员, 新丰县第一中学教研室副主任, 韶关学院省级中小学教师发展中心兼职教授, 正高级教师。
330    @a本书汇集了作者的业绩成果, 从论文到课题, 再到教学反思, 以及课堂教学相关的证明材料梳理, 包饱含了作者对教育工作的执着追求与不懈努力, 相信在总结中提升, 在更深层中开展探究, 教书育人这条大路将会越走越宽广, 将会给予无尽的收获和希望。
410  0 @12001 @a名师名校名校长书系
517 1  @a一位英语教师的成长@Ayi wei ying yu jiao shi de cheng zhang
606 0  @a英语课@Aying yu ke@x教学研究@x高中@j文集
690    @aG633.4@v5
701  0 @a李细娟,@Ali xi juan@f1970-@4著
801  0 @aCN@bBJXHZP@c20230228
905    @b1397554-7@dG633.4@e1059@f4
    
    涓涓细流汇成海:一位英语教师的成长/李细娟著.-长春:东北师范大学出版社,2022.06
    179页:图;24cm.-(名师名校名校长书系)
    
    
    ISBN 978-7-5681-6430-6:CNY45.00
    本书汇集了作者的业绩成果, 从论文到课题, 再到教学反思, 以及课堂教学相关的证明材料梳理, 包饱含了作者对教育工作的执着追求与不懈努力, 相信在总结中提升, 在更深层中开展探究, 教书育人这条大路将会越走越宽广, 将会给予无尽的收获和希望。
●
相关链接 在E读中查询图书 在五车中查询图书 在当当中查询图书 在豆瓣中查询图书


正题名:涓涓细流汇成海     索取号:G633.4/1059         预约/预借

序号 登录号 条形码 馆藏地/架位号 状态 备注
1 1397554   213975545   第一样本阅览室/ [索取号:G633.4/1059] 在馆    
2 1397555   213975554   第四借阅区/ [索取号:G633.4/1059] 在馆    
3 1397556   213975563   第四借阅区/ [索取号:G633.4/1059] 在馆    
4 1397557   213975572   第四借阅区/ [索取号:G633.4/1059] 在馆    
唐山师范学院图书馆 欢迎您!
大连网信软件有限公司© 版权所有